000 00518nam a2200181 a 4500
005 20140310183205.0
008 030130s19uu xx 00 eng d
020 _a0446383260
050 _aHD 62.25
_b.Al43 1986
100 _aAlcorn, Pat B.
245 _aSuccess and survival in the family owned business /
_cPat B. Alcorn.
260 _aNew York :
_bWarner Books,
_c1986.
300 _a253 p. :
_c20 cm.
521 _aBSBA
650 _aFamily corporation
_xManagement
942 _cBK
_2lcc
_kFOR
999 _c19982
_d19982